logo

Bir Sreshtho Munshi Abdur Rouf Library
Jhenaidah Cadet College

পূ্র্ব বাঙলার ভাষা আন্দোলন ও তৎকালীন রাজনীতি / (Record no. 9666)

MARC details
000 -LEADER
fixed length control field 00727nam a22002177a 4500
001 - CONTROL NUMBER
JCCL Control Number 9666
003 - CONTROL NUMBER IDENTIFIER
JCCL marc code BD-JhCC
005 - DATE AND TIME OF LATEST TRANSACTION
control field 20190711083801.0
008 - FIXED-LENGTH DATA ELEMENTS--GENERAL INFORMATION
fixed length control field 180321s1970 bg ||||| |||| 00| 0 ben d
035 ## - SYSTEM CONTROL NUMBER
system control number (BD-JhCC) 9666
040 ## - CATALOGING SOURCE
Original cataloging agency BD-JhCC
Modifying agency BD-JhCC
041 ## - LANGUAGE CODE
Language code of Book ben
082 ## - DEWEY DECIMAL CLASSIFICATION NUMBER
Classification number 320.014
Author mark and Year UMO 1970
100 ## - MAIN ENTRY--PERSONAL NAME
Personal name উমর, বদরুদ্দীন
245 ## - TITLE STATEMENT
Title পূ্র্ব বাঙলার ভাষা আন্দোলন ও তৎকালীন রাজনীতি /
Remainder of title বদরুদ্দীন উমর
260 ## - PUBLICATION, DISTRIBUTION, ETC. (IMPRINT)
Place of publication, distribution, etc ঢাকা :
Name of publisher, distributor, etc মাওলা ব্রাদার্স,
Date of publication, distribution, etc ১৯৭০
300 ## - PHYSICAL DESCRIPTION
Pagination 416 P :
Dimensions 21 cm
650 ## - SUBJECT ADDED ENTRY--TOPICAL TERM
Topical term or geographic name as entry element Language Movement
942 ## - ADDED ENTRY ELEMENTS (KOHA)
Source of classification or shelving scheme Dewey Decimal Classification
Koha item type Books
Holdings
Source of classification or shelving scheme volume number Damaged status Not for loan Home library Current library Shelving location Date of accession Cost, normal purchase price Total Checkouts Full call number Barcode Date last seen Copy number Koha item type
Dewey Decimal Classification V-1     JCC Rouf Library JCC Rouf Library General Stacks 03/21/2018 15.00   320.014 UMO 1970 12401 03/21/2018 C-1 Books
Dewey Decimal Classification       JCC Rouf Library JCC Rouf Library General Stacks 03/22/2018 250.00   320.014 UMO 1970 12349 03/22/2018 C-2 Books
Dewey Decimal Classification V-2     JCC Rouf Library JCC Rouf Library General Stacks 06/11/2019 650.00   320.014 UMO 1970 14859 07/11/2019 C-1 Books
Dewey Decimal Classification V-3     JCC Rouf Library JCC Rouf Library General Stacks 06/11/2019 650.00   320.014 UMO 1970 14860 07/11/2019 C-1 Books
Dewey Decimal Classification V-1     JCC Rouf Library JCC Rouf Library General Stacks   550.00   320.014 UMO 1970 14858 07/27/2019 C-2 Books

JCC Library | Contacts | JCC Home

Last Update on 23 September 2017
Copyright @ 2017-2020 JCC Rouf Library
Rouf Library, Jhenidah Cadet College (JCC), Bangladesh